World Capitals Closest to the Middle of the Indian Ocean - Statistics

General Stats
  • This quiz has been taken 434 times
    422 since last reset
  • The average score is 14 of 20
Answer Stats
km Capital miles % Correct
4002 Jakarta 2487
91%
3332 Malé 2071
87%
4302 Singapore 2673
83%
4297 Kuala Lumpur 2670
81%
2942 Antananarivo 1828
79%
4929 Nairobi 3063
79%
4458 Mogadishu 2770
76%
3664 Sri Jayawardenepura Kotte 2277
74%
4250 Maputo 2641
72%
3153 Victoria 1959
72%
1912 Port Louis 1188
69%
4721 Dodoma 2933
68%
4688 Pretoria 2913
68%
3696 Moroni 2297
62%
4629 Harare 2876
61%
4507 Lilongwe 2800
57%
4995 Lusaka 3104
55%
4386 Mbabane 2726
55%
4695 Maseru 2917
53%
4936 Gaborone 3067
44%
No matching quizzes found
Score Distribution
Percent of People with Each Score
Percentile by Number Answered
Your Score History
You have not taken this quiz since the last reset